000
00362nam a2200145Ia 4500
008
090124s9999 xx 000 0 und d
082
_b
134142
_a
104034
245
_a
देवराई
250
_a
1
260
_b
देसाई माधवी
_c
2006
300
_a
168
630
_a
देवराई
730
_a
देवराई
942
_c
BOOK
999
_c
181488
_d
181488